00341nam a2200133Ia 45000030006000000080041000060400015000471000044000622450024001062500010001302600038001405460012001780050017001900STCL150530s9999 xx 000 0 und d aSTCLcSTCL aState Institute of Language; Trivandrum aVijnana Sabdavali-2 aFirst bState Institute of Languagec1971 aEnglish20220125165824.0